000 00964nam a2200229Ii 4500
003 JO-AjNU
008 230605s9999||||xx |||||||||||||| ||und||
017 _a2004/8/1873
040 _aJO-AjNU
_bara
_erda
_cJO-AjNU
041 _aara
050 1 4 _aKBP878.R47.U926.2004
100 3 _a العزيزي ، محمد رامز عبد الفتاح ,
_eauthor
_921362
245 0 0 _aالحكم الشرعي للبيع بالتقسيط مع الزيادة في ثمن السلعة بسبب الأجل " فقة مقارن "
250 _aط1
264 3 1 _aعمان : محمد رامز عبد الفتاح العزيزي ، 2004
300 _a96ص
336 _atext
_btxt
_2rdacontent
337 _aunmediated
_bn
_2rdamedia
338 _avolume
_bnc
_2rdacarrier
490 0 _aسلسلة الإقتصاد الإسلامي (6)
650 4 _aالاحكام الشرعية -- اصول الفقة -- البنوك الاسلامية -- الفقة الاسلامي
_921363
999 _aA7407
_c10975
_d10975